| 000 | 00809nam a2200265 u 4500 | ||
|---|---|---|---|
| 001 | 2322 | ||
| 005 | 20260428104228.0 | ||
| 008 | 950519s1992 spa | ||
| 020 | _a9507011331 | ||
| 035 | _a2322 | ||
| 035 | _a(OCoLC)778062989 | ||
| 040 | _ccomduadb | ||
| 041 | _aspa | ||
| 082 | 4 | _a370 | |
| 100 | 1 | 0 |
_aHuberman, Susana _4aut _eaut _9469799 |
| 245 | 1 | 0 | _aComo aprenden los que enseñan : la formacion de los formadores : nuevos modelos para nuevas practicas |
| 250 | _a1.Ed. | ||
| 260 |
_aArgentina : _bAique Grupo Editor, _c1992. |
||
| 300 | _a160 páginas | ||
| 500 | _aCompra:Libreria el Seminario:Sep/94. | ||
| 650 |
_aPráctica docente _972293 |
||
| 650 | 7 |
_aFormación profesional de maestros _2lemb _91625 |
|
| 650 | 7 |
_aCapacitación docente _2lemb _9217190 |
|
| 942 | _cBOOK | ||
| 999 |
_c2626 _d2626 |
||